| 000 | 00637cam a2200181 4500 | ||
|---|---|---|---|
| 020 | _a0486615790 | ||
| 082 | 0 | 0 |
_a519.54 _bWAL |
| 100 | 1 |
_aWald, Abraham, _939499 |
|
| 245 | 0 | 0 | _aSequential analysis. |
| 260 |
_aNew York, _bDover Publications _c[1973, c1947] |
||
| 300 |
_axii, 212 p. _billus. _c22 cm. |
||
| 500 | _aReprint of the ed. published by Wiley, New York, and issued in series: Wiley mathematical statistics series. | ||
| 526 |
_a0 _b0 _c0 _d519_540000000000000_WAL |
||
| 650 | 0 |
_aMCE _9379 |
|
| 650 | 0 |
_aSequential analysis. _939500 |
|
| 856 | 4 | 2 | _uhttp://www.loc.gov/catdir/enhancements/fy1401/73085900-d.html |
| 942 |
_2ddc _cBK |
||
| 999 |
_c543982 _d543982 |
||